| 000 | 00765nam a22002177a 4500 | ||
|---|---|---|---|
| 005 | 20251108173640.0 | ||
| 008 | 250721s1994 xx 000 0 ara d | ||
| 082 | 1 | 4 | _a352.0565/شطن |
| 100 | 1 | _aشطناوي، علي خطار | |
| 245 | 1 | 0 | _aالإدارة المحلية و تطبيقاتها في الأردن و فرنسا : عمان 1414 - 1994 / |
| 264 | 1 |
_aعمان : _bالمركز العربي للخدمات الطلابية، _c1994. |
|
| 300 | _a264 ص. | ||
| 650 | 1 | 7 | _aالحكومة المحلية |
| 650 | 1 | 7 | _aالتقسيمات الإدارية و السياسية |
| 650 | 1 | 7 | _aالقوانين المحلية |
| 650 | 1 | 7 | _aالمركزية |
| 650 | 1 | 7 | _aالأردن |
| 650 | 1 | 7 | _aفرنسا |
| 942 |
_2ddc _cBK |
||
| 999 |
_c109014 _d109014 |
||